000 00584nam a22001817a 4500
999 _c9357
_d9357
008 210408b ||||| |||| 00| 0 eng d
040 _aBMS College of Architecture
100 _aAliar, K Ashfaq
245 _aTraditional Settlements regeneration
300 _aNA
500 _a1BM15AHD01
502 _8M,Arch (Habitat Design)
_NBMS College of Architecture, Visvesvaraya Technological University
_aDissertation
_d2017
650 _aTraditional
700 _aMamatha P Raj
_eGuide
700 _aSadashiv Chakravarthy
_eGuide
700 _aRachana Suraj
_eGuide
942 _2ddc
_cPGTHE